[Event "LSS SA-2021-0-00783"]
[Site "LSS email"]
[Date "2021.12.19"]
[Round "?"]
[White "Cleto Junior, Dirceu"]
[Black "Lombart, Philippe"]
[Result "1/2-1/2"]
[WhiteElo "1962"]
[BlackElo "2089"]
[PlyCount "27"]
[EventDate "2021.12.08"]
[EventType "tourn (corr)"]
[EventRounds "6"]
[EventCountry "GER"]
[SourceTitle "Corr 2024"]
[Source "ChessBase"]
[SourceDate "2023.10.19"]
[SourceVersion "1"]
[SourceVersionDate "2023.10.19"]
[SourceQuality "1"]

1. e4 e5 2. Bc4 Nf6 3. d3 Nc6 4. Nf3 Bc5 5. 0-0 d6 6. Re1 h6 7. Nc3 Bg4 8. Na4 Nd4 9. Nxc5 Bxf3 10. gxf3 dxc5 11. f4 exf4 12. Bxf4 Qe7 13. Bg3 0-0-0 14. c3 1/2-1/2

[Event "LSS SA-2021-0-00783"]
[Site "LSS email"]
[Date "2021.12.19"]
[Round "?"]
[White "Lombart, Philippe"]
[Black "Martin, Simone"]
[Result "1/2-1/2"]
[WhiteElo "2089"]
[BlackElo "2059"]
[PlyCount "34"]
[EventDate "2021.12.08"]
[EventType "tourn (corr)"]
[EventRounds "6"]
[EventCountry "GER"]
[SourceTitle "Corr 2024"]
[Source "ChessBase"]
[SourceDate "2023.10.19"]
[SourceVersion "1"]
[SourceVersionDate "2023.10.19"]
[SourceQuality "1"]

1. d4 Nf6 2. c4 g6 3. Nc3 d5 4. cxd5 Nxd5 5. e4 Nxc3 6. bxc3 Bg7 7. Bc4 c5 8. Ne2 0-0 9. 0-0 Nc6 10. Be3 b6 11. Qd2 Bb7 12. Rac1 Rc8 13. Rfd1 e6 14. Bg5 Qd7 15. h4 Na5 16. Bd3 cxd4 17. cxd4 Rxc1 1/2-1/2

[Event "LSS SA-2021-0-00774"]
[Site "LSS email"]
[Date "2021.10.11"]
[Round "?"]
[White "Kazimierski, Tomasz"]
[Black "Lombart, Philippe"]
[Result "1/2-1/2"]
[WhiteElo "2123"]
[BlackElo "2088"]
[PlyCount "55"]
[EventDate "2021.09.12"]
[EventType "tourn (corr)"]
[EventRounds "6"]
[EventCountry "GER"]
[SourceTitle "Corr 2024"]
[Source "ChessBase"]
[SourceDate "2023.10.19"]
[SourceVersion "1"]
[SourceVersionDate "2023.10.19"]
[SourceQuality "1"]

1. Nf3 Nf6 2. c4 c5 3. Nc3 Nc6 4. d4 cxd4 5. Nxd4 g6 6. e4 d6 7. Be2 Nxd4 8. Qxd4 Bg7 9. Be3 0-0 10. Qd3 Be6 11. 0-0 Qa5 12. Rac1 Rfc8 13. b3 a6 14. Bd2 Qd8 15. Rfd1 Nd7 16. Qe3 Qb6 17. Qd3 Bd4 18. Be1 Bg7 19. Nd5 Bxd5 20. exd5 Re8 21. Qg3 a5 22. Bg4 Ne5 23. Be2 Nd7 24. h4 h5 25. Bf3 Be5 26. Qg5 Bf6 27. Qf4 Kg7 28. Be2 1/2-1/2

[Event "LSS SA-2021-0-00757"]
[Site "LSS email"]
[Date "2021.05.02"]
[Round "?"]
[White "Lombart, Philippe"]
[Black "Ottolini, Graziano"]
[Result "1/2-1/2"]
[WhiteElo "2108"]
[BlackElo "2179"]
[PlyCount "28"]
[EventDate "2021.03.19"]
[EventType "tourn (corr)"]
[EventRounds "6"]
[EventCountry "GER"]
[SourceTitle "Corr 2024"]
[Source "ChessBase"]
[SourceDate "2023.10.19"]
[SourceVersion "1"]
[SourceVersionDate "2023.10.19"]
[SourceQuality "1"]

1. d4 d6 2. c4 e5 3. Nc3 exd4 4. Qxd4 Nc6 5. Qd2 Nf6 6. b3 a5 7. Bb2 a4 8. Rd1 axb3 9. axb3 g6 10. e4 Bg7 11. Bd3 0-0 12. Nge2 Nd7 13. Na4 Nce5 14. 0-0 Nc5 1/2-1/2

[Event "LSS SA-2021-0-00757"]
[Site "LSS email"]
[Date "2021.05.02"]
[Round "?"]
[White "Rodriguez, Raul"]
[Black "Lombart, Philippe"]
[Result "1/2-1/2"]
[WhiteElo "2097"]
[BlackElo "2108"]
[PlyCount "105"]
[EventDate "2021.03.19"]
[EventType "tourn (corr)"]
[EventRounds "6"]
[EventCountry "GER"]
[SourceTitle "Corr 2024"]
[Source "ChessBase"]
[SourceDate "2023.10.19"]
[SourceVersion "1"]
[SourceVersionDate "2023.10.19"]
[SourceQuality "1"]

1. e4 e5 2. Nf3 Nc6 3. Bc4 Nf6 4. d3 Bc5 5. a4 d6 6. 0-0 a6 7. c3 Ba7 8. b4 0-0 9. h3 Ne7 10. Nbd2 Ng6 11. Re1 Nh5 12. d4 Nhf4 13. Bf1 Be6 14. Bb2 h6 15. Kh2 f5 16. c4 c6 17. exf5 Bxf5 18. Qb3 d5 19. c5 Qd7 20. Kh1 Rae8 21. dxe5 a5 22. Re3 axb4 23. Qxb4 Qe7 24. Nb3 Ne6 25. Rc1 b6 26. Qe1 bxc5 27. Ba3 Rf7 28. a5 Kh7 29. a6 Be4 30. Nfd2 Bf5 31. Nf3 Be4 32. Nfd2 Bf5 33. Na5 Qd7 34. Rb3 Rb8 35. Rb7 Rxb7 36. Nxb7 c4 37. Nd6 Ngf4 38. Nxf7 Qxf7 39. Rc3 Qc7 40. Bc1 Nd3 41. Bxd3 Bxd3 42. Nf3 Qb6 43. Ra3 Qb1 44. Be3 c5 45. Qxb1 Bxb1 46. Bc1 Be4 47. Re3 Bg6 48. Nd2 Kg8 49. Kh2 Bd3 50. Nb3 Bb6 51. Bd2 Nc7 52. Na5 Nxa6 53. e6 1/2-1/2

[Event "LSS SA-2021-0-00756"]
[Site "LSS email"]
[Date "2021.04.28"]
[Round "?"]
[White "Puntus, Vladimir"]
[Black "Lombart, Philippe"]
[Result "1/2-1/2"]
[WhiteElo "2144"]
[BlackElo "2105"]
[PlyCount "80"]
[EventDate "2021.03.10"]
[EventType "tourn (corr)"]
[EventRounds "6"]
[EventCountry "GER"]
[SourceTitle "Corr 2024"]
[Source "ChessBase"]
[SourceDate "2023.10.19"]
[SourceVersion "1"]
[SourceVersionDate "2023.10.19"]
[SourceQuality "1"]

1. Nf3 Nf6 2. c4 c5 3. Nc3 d5 4. cxd5 Nxd5 5. d4 Nxc3 6. bxc3 g6 7. e4 Bg7 8. Rb1 0-0 9. Be2 cxd4 10. cxd4 Qa5+ 11. Bd2 Qxa2 12. 0-0 Bg4 13. Bg5 h6 14. Be3 Nc6 15. d5 Ne5 16. Rxb7 a5 17. Rxe7 a4 18. Bd4 Nxf3+ 19. Bxf3 Bxd4 20. Qxd4 Bxf3 21. gxf3 a3 22. d6 Qb2 23. Qd5 Rab8 24. Rc7 a2 25. Ra7 Qe2 26. Qd1 Qc4 27. Qc1 Qe6 28. d7 Rfd8 29. Rd1 Qf6 30. Rxa2 Qxf3 31. Ra3 Qxe4 32. Rc3 Rb5 33. f4 Qf5 34. Rc8 Qg4+ 35. Kf2 Qh4+ 36. Kg2 Qg4+ 37. Kh1 Qf3+ 38. Kg1 Qg4+ 39. Kf2 Qh4+ 40. Kg1 Qg4+ 1/2-1/2

[Event "LSS SA-2021-0-00754"]
[Site "LSS email"]
[Date "2021.03.26"]
[Round "?"]
[White "Lombart, Philippe"]
[Black "Cleto Junior, Dirceu"]
[Result "1/2-1/2"]
[WhiteElo "2091"]
[BlackElo "2067"]
[PlyCount "66"]
[EventDate "2021.02.22"]
[EventType "tourn (corr)"]
[EventRounds "6"]
[EventCountry "GER"]
[SourceTitle "Corr 2024"]
[Source "ChessBase"]
[SourceDate "2023.10.19"]
[SourceVersion "1"]
[SourceVersionDate "2023.10.19"]
[SourceQuality "1"]

1. d4 d5 2. c4 e6 3. Nc3 Bb4 4. Nf3 Nf6 5. Bg5 dxc4 6. e4 c5 7. Bxc4 cxd4 8. Nxd4 Qa5 9. Bd2 Qc5 10. Bb5+ Bd7 11. Nb3 Qe7 12. Bd3 Nc6 13. 0-0 0-0 14. a3 Bd6 15. f4 e5 16. f5 Nd4 17. Bg5 Bc6 18. Nd2 Qd8 19. Kh1 Be7 20. Nf3 h6 21. Bh4 Nd7 22. Bf2 Bf6 23. b4 a6 24. Re1 b5 25. Ne2 Rc8 26. Nexd4 exd4 27. Qe2 Bb7 28. Rad1 Qc7 29. Bb1 Rfd8 30. Bxd4 Bxd4 31. Rxd4 Ne5 32. Rxd8+ Rxd8 33. Qe3 Nc4 1/2-1/2

[Event "LSS SA-2021-0-00753"]
[Site "LSS email"]
[Date "2021.03.13"]
[Round "?"]
[White "Rodriguez, Raul"]
[Black "Lombart, Philippe"]
[Result "1/2-1/2"]
[WhiteElo "2099"]
[BlackElo "2095"]
[PlyCount "133"]
[EventDate "2021.02.05"]
[EventType "tourn (corr)"]
[EventRounds "6"]
[EventCountry "GER"]
[SourceTitle "Corr 2024"]
[Source "ChessBase"]
[SourceDate "2023.10.19"]
[SourceVersion "1"]
[SourceVersionDate "2023.10.19"]
[SourceQuality "1"]

1. e4 e5 2. Nf3 Nc6 3. d4 exd4 4. Nxd4 Bc5 5. Nb3 Bb6 6. Nc3 Nf6 7. Qe2 d6 8. Be3 Be6 9. 0-0-0 Qe7 10. g3 0-0-0 11. Bg2 Rhe8 12. Bxb6 axb6 13. Rhe1 Nd7 14. Qd2 f6 15. Nd4 Nxd4 16. Qxd4 Qf7 17. f4 Qh5 18. Qf2 Qc5 19. Qf1 Kb8 20. a3 Qh5 21. h3 Qa5 22. Re3 Nc5 23. Qe2 Qa6 24. Qxa6 bxa6 25. b4 Nd7 26. Ne2 g6 27. Bf3 Nf8 28. h4 Nd7 29. h5 Nf8 30. hxg6 hxg6 31. Rh1 Re7 32. Rh6 Bc8 33. Nc3 Bb7 34. Kd2 Rg7 35. Bg4 b5 36. Ke2 Bc8 37. Bxc8 Rxc8 38. Nd5 Nd7 39. Rc3 Kb7 40. Kf3 c6 41. Ne3 Nb6 42. g4 Nd7 43. Rd3 Kc7 44. Rd2 Re8 45. Rd1 Nf8 46. f5 Ree7 47. Rf1 Ref7 48. fxg6 Nxg6 49. Kg3 Rg8 50. Rfh1 Ne5 51. Rh8 Rxh8 52. Rxh8 Rg7 53. Rh6 Rf7 54. Kf4 Nd7 55. Rh8 Nf8 56. Kf5 Kd7 57. Ng2 Ke7 58. Nh4 Rg7 59. Nf3 c5 60. bxc5 dxc5 61. g5 fxg5 62. Nxg5 a5 63. Rh6 Rg6 64. Rxg6 Nxg6 65. Kxg6 a4 66. Nh3 b4 67. Nf4 1/2-1/2

[Event "LSS SA-2021-0-00753"]
[Site "LSS email"]
[Date "2021.03.12"]
[Round "?"]
[White "Cleto Junior, Dirceu"]
[Black "Lombart, Philippe"]
[Result "1/2-1/2"]
[WhiteElo "2065"]
[BlackElo "2095"]
[PlyCount "33"]
[EventDate "2021.02.05"]
[EventType "tourn (corr)"]
[EventRounds "6"]
[EventCountry "GER"]
[SourceTitle "Corr 2024"]
[Source "ChessBase"]
[SourceDate "2023.10.19"]
[SourceVersion "1"]
[SourceVersionDate "2023.10.19"]
[SourceQuality "1"]

1. e4 e5 2. f4 d5 3. exd5 exf4 4. Nf3 Nf6 5. Bb5+ c6 6. dxc6 Nxc6 7. Nc3 Bd6 8. Qe2+ Be6 9. Ng5 Qd7 10. Nxe6 fxe6 11. d4 0-0 12. Bd2 Rae8 13. 0-0 Nxd4 14. Bxd7 Nxe2+ 15. Nxe2 Bc5+ 16. Kh1 Nxd7 17. Rxf4 1/2-1/2

[Event "LSS SA-2021-0-00752"]
[Site "LSS email"]
[Date "2021.03.03"]
[Round "?"]
[White "Kazimierski, Tomasz"]
[Black "Lombart, Philippe"]
[Result "1/2-1/2"]
[WhiteElo "2009"]
[BlackElo "2101"]
[PlyCount "70"]
[EventDate "2021.01.24"]
[EventType "tourn (corr)"]
[EventRounds "6"]
[EventCountry "GER"]
[SourceTitle "Corr 2024"]
[Source "ChessBase"]
[SourceDate "2023.10.19"]
[SourceVersion "1"]
[SourceVersionDate "2023.10.19"]
[SourceQuality "1"]

1. c4 c5 2. Nf3 Nf6 3. Nc3 d5 4. cxd5 Nxd5 5. d4 Nxc3 6. bxc3 g6 7. e3 Bg7 8. Bb5+ Bd7 9. Be2 0-0 10. 0-0 Bc6 11. Ba3 cxd4 12. cxd4 Re8 13. Rc1 e6 14. Nd2 Nd7 15. Bf3 Rc8 16. Nc4 Bf8 17. Nd6 Bxd6 18. Bxd6 Bd5 19. Bg3 Rxc1 20. Qxc1 Bxf3 21. gxf3 h5 22. h4 Nb8 23. Kg2 Nc6 24. Qa3 Re7 25. Bd6 Rd7 26. Bg3 f6 27. Qb3 Kf7 28. Rc1 Qa5 29. Rc5 Qb4 30. Qc2 Rd5 31. Rc3 Qa5 32. a3 Qd8 33. a4 Kg7 34. Rb3 Qe7 35. Qc1 Rd8 1/2-1/2

[Event "LSS SA-2021-0-00747"]
[Site "LSS email"]
[Date "2021.01.06"]
[Round "?"]
[White "Lombart, Philippe"]
[Black "Rodriguez, Raul"]
[Result "1/2-1/2"]
[WhiteElo "2118"]
[BlackElo "2084"]
[PlyCount "83"]
[EventDate "2020.12.20"]
[EventType "tourn (corr)"]
[EventRounds "6"]
[EventCountry "GER"]
[SourceTitle "Corr 2024"]
[Source "ChessBase"]
[SourceDate "2023.10.19"]
[SourceVersion "1"]
[SourceVersionDate "2023.10.19"]
[SourceQuality "1"]

1. d4 Nf6 2. c4 g6 3. Nc3 Bg7 4. g3 0-0 5. Bg2 Nc6 6. Nf3 d5 7. cxd5 Nxd5 8. 0-0 Bf5 9. Re1 Qd7 10. e4 Nxc3 11. bxc3 Bg4 12. Qc2 Na5 13. Rb1 c5 14. d5 b6 15. Ng5 Qc8 16. h3 Bd7 17. e5 Bf5 18. Be4 Nc4 19. e6 fxe6 20. Bxf5 Rxf5 21. Nxe6 Bf6 22. Rd1 Qd7 23. Qe2 Qa4 24. Bf4 Nd6 25. Bxd6 exd6 26. c4 Bd4 27. Nxd4 cxd4 28. Rxd4 Raf8 29. Rf1 b5 30. Re4 bxc4 31. Rxc4 Qa5 32. Qe6+ R8f7 33. Qxd6 Qxa2 34. Qb8+ Kg7 35. Rc7 Qxd5 36. Qxa7 h5 37. h4 Kh7 38. Rfc1 Qf3 39. Rxf7+ Rxf7 40. Rc7 Rxc7 41. Qxc7+ Kg8 42. Qc4+ 1/2-1/2

[Event "LSS SA-2021-0-00747"]
[Site "LSS email"]
[Date "2021.01.06"]
[Round "?"]
[White "Pilgram, Kurt"]
[Black "Lombart, Philippe"]
[Result "1/2-1/2"]
[WhiteElo "2177"]
[BlackElo "2118"]
[PlyCount "69"]
[EventDate "2020.12.20"]
[EventType "tourn (corr)"]
[EventRounds "6"]
[EventCountry "GER"]
[SourceTitle "Corr 2024"]
[Source "ChessBase"]
[SourceDate "2023.10.19"]
[SourceVersion "1"]
[SourceVersionDate "2023.10.19"]
[SourceQuality "1"]

1. Nf3 Nf6 2. d4 d5 3. c4 e6 4. Nc3 Bb4 5. Bg5 h6 6. Bxf6 Qxf6 7. Qa4+ Nc6 8. e3 0-0 9. Be2 Bd7 10. Qb3 dxc4 11. Qxc4 Bd6 12. 0-0 Qg6 13. Rac1 Na5 14. Qd3 Qxd3 15. Bxd3 Nc6 16. Nd2 e5 17. d5 Ne7 18. Nc4 a6 19. Ne4 Bf5 20. Rfd1 Bxe4 21. Bxe4 f5 22. Nxd6 cxd6 23. Rc7 Rfe8 24. Bf3 e4 25. Be2 b5 26. g4 Rac8 27. Rdc1 Rxc7 28. Rxc7 Nxd5 29. Rc6 Nb4 30. Rxd6 fxg4 31. Bxg4 Re5 32. Re6 Nd3 33. Rxe5 Nxe5 34. Be6+ Kf8 35. b4 1/2-1/2

[Event "LSS SA-2020-0-00746"]
[Site "LSS email"]
[Date "2020.12.31"]
[Round "?"]
[White "Sundqvist, Christer"]
[Black "Lombart, Philippe"]
[Result "1-0"]
[WhiteElo "2159"]
[BlackElo "2118"]
[PlyCount "121"]
[EventDate "2020.12.10"]
[EventType "tourn (corr)"]
[EventRounds "6"]
[EventCountry "GER"]
[SourceTitle "Corr 2024"]
[Source "ChessBase"]
[SourceDate "2023.10.19"]
[SourceVersion "1"]
[SourceVersionDate "2023.10.19"]
[SourceQuality "1"]

1. d4 d5 2. c4 e6 3. Nf3 Nf6 4. Nc3 Bb4 5. cxd5 exd5 6. Bg5 h6 7. Bh4 0-0 8. e3 Bf5 9. Qb3 Bxc3+ 10. bxc3 Nbd7 11. Be2 c5 12. dxc5 Nxc5 13. Qb4 Rc8 14. 0-0 Re8 15. Nd4 Bd7 16. c4 dxc4 17. Bxc4 Re4 18. Bg3 Re8 19. Rac1 a5 20. Qa3 Nfe4 21. Rfd1 Qb6 22. f3 Nxg3 23. hxg3 Na4 24. Bb3 Nc5 25. Bd5 Rc7 26. Rb1 Qg6 27. Ne2 a4 28. e4 b5 29. Qe3 Qb6 30. Kh2 Rb8 31. Nc3 Qa7 32. a3 Na6 33. Rd4 Be8 34. e5 Nc5 35. Ne4 Nxe4 36. Qxe4 Kh8 37. Rbd1 Qc5 38. Qf5 Qe7 39. Rh4 Rb6 40. Be4 Rg6 41. Bb1 Rc5 42. Qf4 Re6 43. Qe4 g6 44. Qe3 g5 45. Qd3 Rg6 46. Rd4 Rxe5 47. Rd8 Kg7 48. Qd4 Rf6 49. Rc1 g4 50. fxg4 Rfe6 51. Ba2 Qf6 52. Bxe6 Rxe6 53. Qd2 Qg5 54. Qc3+ Qe5 55. Qxe5+ Rxe5 56. Rcc8 Kf8 57. Rb8 Re3 58. Kg1 Re2 59. Rxb5 Ke7 60. Rbd5 Bc6 61. Rd2 1-0

[Event "LSS SA-2020-0-00746"]
[Site "LSS email"]
[Date "2020.12.30"]
[Round "?"]
[White "Lombart, Philippe"]
[Black "Giurgiu, Nicolas"]
[Result "1/2-1/2"]
[WhiteElo "2118"]
[BlackElo "2120"]
[PlyCount "28"]
[EventDate "2020.12.10"]
[EventType "tourn (corr)"]
[EventRounds "6"]
[EventCountry "GER"]
[SourceTitle "Corr 2024"]
[Source "ChessBase"]
[SourceDate "2023.10.19"]
[SourceVersion "1"]
[SourceVersionDate "2023.10.19"]
[SourceQuality "1"]

1. d4 d5 2. c4 e6 3. Nc3 c6 4. Nf3 Nd7 5. e4 dxe4 6. Nxe4 Ngf6 7. Bd3 c5 8. 0-0 cxd4 9. Nxd4 Be7 10. Nxf6+ Nxf6 11. Bc2 0-0 12. b3 Qc7 13. Qf3 Bd7 14. a4 a6 1/2-1/2

[Event "LSS SA-2020-0-00744"]
[Site "LSS email"]
[Date "2020.12.17"]
[Round "?"]
[White "Lombart, Philippe"]
[Black "Costa, Fabrizio"]
[Result "1/2-1/2"]
[WhiteElo "2118"]
[BlackElo "2059"]
[PlyCount "46"]
[EventDate "2020.11.24"]
[EventType "tourn (corr)"]
[EventRounds "6"]
[EventCountry "GER"]
[SourceTitle "Corr 2024"]
[Source "ChessBase"]
[SourceDate "2023.10.19"]
[SourceVersion "1"]
[SourceVersionDate "2023.10.19"]
[SourceQuality "1"]

1. d4 d5 2. c4 c6 3. Nf3 Nf6 4. Nc3 e6 5. Bg5 dxc4 6. e4 b5 7. e5 h6 8. Bh4 g5 9. Nxg5 hxg5 10. Bxg5 Nbd7 11. exf6 Bb7 12. g3 c5 13. d5 Qb6 14. Bg2 0-0-0 15. 0-0 b4 16. Na4 Qa6 17. a3 Bxd5 18. Bxd5 Ne5 19. axb4 Rxd5 20. Qe2 cxb4 21. Nc3 Qd6 22. Nxd5 Qxd5 23. f3 Bc5+ 1/2-1/2

[Event "LSS SA-2020-0-00743"]
[Site "LSS email"]
[Date "2020.12.14"]
[Round "?"]
[White "Lombart, Philippe"]
[Black "Gauna, Jose"]
[Result "1/2-1/2"]
[WhiteElo "2118"]
[BlackElo "2108"]
[PlyCount "83"]
[EventDate "2020.10.28"]
[EventType "tourn (corr)"]
[EventRounds "6"]
[EventCountry "GER"]
[SourceTitle "Corr 2024"]
[Source "ChessBase"]
[SourceDate "2023.10.19"]
[SourceVersion "1"]
[SourceVersionDate "2023.10.19"]
[SourceQuality "1"]

1. d4 Nf6 2. c4 g6 3. Nc3 d5 4. cxd5 Nxd5 5. e4 Nxc3 6. bxc3 Bg7 7. Bc4 c5 8. Ne2 Nc6 9. Be3 0-0 10. 0-0 b6 11. dxc5 Qc7 12. Nd4 Ne5 13. Nb5 Qb8 14. Be2 bxc5 15. f4 Ng4 16. Bxc5 a6 17. Na3 Qc7 18. Bd4 e5 19. fxe5 Nxe5 20. Qc1 Bg4 21. Bxg4 Nxg4 22. Qf4 Qxf4 23. Rxf4 Ne5 24. Rb1 Rac8 25. Rb7 h5 26. h3 Nc6 27. Bxg7 Kxg7 28. Nc4 Nd8 29. Rb4 Rc5 30. Rf3 Nc6 31. Ra4 Rd8 32. Kf2 a5 33. Ke2 Rg5 34. g3 Rb5 35. Rd3 Rxd3 36. Kxd3 Rg5 37. g4 hxg4 38. hxg4 Kf6 39. Ne3 Ke6 40. Kc2 Rc5 41. Kd3 Ke5 42. Nd5 1/2-1/2

[Event "LSS SA-2020-0-00744"]
[Site "LSS email"]
[Date "2020.12.14"]
[Round "?"]
[White "Lombart, Philippe"]
[Black "Van Bommel, Ton"]
[Result "1/2-1/2"]
[WhiteElo "2118"]
[BlackElo "2140"]
[PlyCount "80"]
[EventDate "2020.11.24"]
[EventType "tourn (corr)"]
[EventRounds "6"]
[EventCountry "GER"]
[SourceTitle "Corr 2024"]
[Source "ChessBase"]
[SourceDate "2023.10.19"]
[SourceVersion "1"]
[SourceVersionDate "2023.10.19"]
[SourceQuality "1"]

1. d4 Nf6 2. c4 e6 3. Nc3 Bb4 4. e3 0-0 5. Bd3 d5 6. Nge2 c5 7. 0-0 dxc4 8. Bxc4 cxd4 9. exd4 Nc6 10. Bg5 Be7 11. a3 a6 12. Ba2 b5 13. Rc1 Bb7 14. Bb1 Rc8 15. Qd3 g6 16. Rfd1 Na5 17. Ba2 Re8 18. h3 Nc4 19. Bxc4 bxc4 20. Qd2 Qc7 21. Ng3 Red8 22. Qe3 Nd5 23. Nxd5 Rxd5 24. Bxe7 Qxe7 25. Ne4 Qd8 26. Rd2 Rb5 27. Nc5 a5 28. f3 Bd5 29. Na4 h5 30. Nc3 Rb3 31. Qe5 Kh7 32. Rcc2 Kg8 33. Na4 Kh7 34. Nc3 Kg8 35. Re2 Ra8 36. Rf2 Rab8 37. Rfe2 Rc8 38. Red2 f6 39. Qg3 Kf7 40. Re2 Qc7 1/2-1/2

[Event "RA-2020-0-00674"]
[Site "LSS email"]
[Date "2020.11.12"]
[Round "?"]
[White "Farnik, Kym"]
[Black "Lombart, Philippe"]
[Result "1-0"]
[WhiteElo "2096"]
[BlackElo "2110"]
[PlyCount "106"]
[EventDate "2020.09.30"]
[EventType "tourn (corr)"]
[EventRounds "6"]
[EventCountry "GER"]
[SourceTitle "Corr 2022"]
[Source "ChessBase"]
[SourceDate "2021.10.24"]
[SourceVersion "1"]
[SourceVersionDate "2021.10.24"]
[SourceQuality "1"]

1. Nf3 Nf6 2. d4 d5 3. c4 e6 4. g3 Be7 5. Bg2 0-0 6. 0-0 dxc4 7. Qc2 a6 8. a4 Bd7 9. Qxc4 Bc6 10. Bf4 Bd6 11. Qc1 Nbd7 12. Nc3 Qe7 13. a5 Nd5 14. Nxd5 Bxd5 15. Re1 f5 16. Ne5 Bxe5 17. dxe5 Bxg2 18. Kxg2 Rac8 19. Qc3 Nb8 20. Qb3 c5 21. Red1 c4 22. Qc3 Qc5 23. Rd6 Rfd8 24. f3 Rxd6 25. exd6 Qd5 26. Be5 Nd7 27. Bxg7 e5 28. Bh6 Qxd6 29. Be3 Nf6 30. Bg5 Ne8 31. Rc1 Qe6 32. Rd1 Nd6 33. Be3 Nb5 34. Qd2 Nd4 35. Bxd4 exd4 36. Qg5+ Qg6 37. Qf4 c3 38. Qxd4 c2 39. Rc1 Qc6 40. Qd3 Qc4 41. Qxc4+ Rxc4 42. Kf2 Kf7 43. Ke3 Ke6 44. Kd3 Ra4 45. Rxc2 Rxa5 46. Rc7 Rb5 47. Kc3 Re5 48. Rxb7 Rxe2 49. Rxh7 Re3+ 50. Kd4 Rb3 51. Rh6+ Kf7 52. Rxa6 Rxb2 53. Ke5 Rxh2 1-0

[Event "RA-2020-0-00674"]
[Site "LSS email"]
[Date "2020.11.12"]
[Round "?"]
[White "Morcin, Tom"]
[Black "Lombart, Philippe"]
[Result "1-0"]
[WhiteElo "2134"]
[BlackElo "2110"]
[PlyCount "81"]
[EventDate "2020.09.30"]
[EventType "tourn (corr)"]
[EventRounds "6"]
[EventCountry "GER"]
[SourceTitle "Corr 2022"]
[Source "ChessBase"]
[SourceDate "2021.10.24"]
[SourceVersion "1"]
[SourceVersionDate "2021.10.24"]
[SourceQuality "1"]

1. d4 d5 2. c4 e6 3. Nc3 Bb4 4. a3 Bxc3+ 5. bxc3 Nf6 6. e3 0-0 7. cxd5 exd5 8. Bd3 c5 9. Ne2 b6 10. 0-0 Ba6 11. f3 Re8 12. Ng3 Bxd3 13. Qxd3 Nc6 14. Bb2 Rc8 15. e4 cxd4 16. cxd4 dxe4 17. fxe4 Ne5 18. Qe2 Nc4 19. Rae1 Nxb2 20. Qxb2 Ng4 21. h3 Nh6 22. e5 Qd5 23. Ne4 Rcd8 24. Rf4 Kh8 25. Nc3 Qd7 26. Nb5 f6 27. Ref1 Ng8 28. Nd6 Rf8 29. Qb3 Nh6 30. R1f2 Qe7 31. Qc3 Nf7 32. exf6 gxf6 33. Ne4 Rfe8 34. Kh2 f5 35. Ng3 Rc8 36. Qf3 Qe3 37. Qh5 Nd6 38. Nxf5 Nxf5 39. Rxf5 Rg8 40. Qh4 Rce8 41. Rf7 1-0

[Event "RA-2020-0-00666"]
[Site "LSS email"]
[Date "2020.07.27"]
[Round "?"]
[White "Lombart, Philippe"]
[Black "Farnik, Kym"]
[Result "1/2-1/2"]
[WhiteElo "2072"]
[BlackElo "2007"]
[PlyCount "88"]
[EventDate "2020.06.12"]
[EventType "tourn (corr)"]
[EventRounds "6"]
[EventCountry "GER"]
[SourceTitle "Corr 2022"]
[Source "ChessBase"]
[SourceDate "2021.10.24"]
[SourceVersion "1"]
[SourceVersionDate "2021.10.24"]
[SourceQuality "1"]

1. d4 Nf6 2. c4 g6 3. Nc3 d5 4. cxd5 Nxd5 5. e4 Nxc3 6. bxc3 Bg7 7. Bc4 c5 8. Ne2 0-0 9. 0-0 Nc6 10. Be3 b6 11. Qd2 Bb7 12. Rac1 Rc8 13. Rfd1 Na5 14. Bd3 cxd4 15. cxd4 e6 16. Bh6 Bxh6 17. Qxh6 Rxc1 18. Rxc1 Qd6 19. Qe3 Qa3 20. h4 Qxa2 21. h5 Qa3 22. h6 Qd6 23. e5 Qe7 24. Ng3 Qh4 25. Rc7 Bd5 26. Ne4 Bxe4 27. Bxe4 Qd8 28. Rxa7 Nc4 29. Qd3 b5 30. g3 Qg5 31. d5 Nxe5 32. Qd4 Qf6 33. Qc5 Qg5 34. Qc7 exd5 35. Bxd5 b4 36. Kg2 Qf5 37. Qd6 b3 38. Qb6 Ng4 39. Bxf7+ Qxf7 40. Rxf7 Rxf7 41. Qb8+ Rf8 42. Qxb3+ Rf7 43. f3 Nxh6 44. g4 Kf8 1/2-1/2

[Event "RA-2020-0-00666"]
[Site "LSS email"]
[Date "2020.07.27"]
[Round "?"]
[White "Lombart, Philippe"]
[Black "Koronowski, Heinz Juergen"]
[Result "1/2-1/2"]
[WhiteElo "2072"]
[BlackElo "2078"]
[PlyCount "102"]
[EventDate "2020.06.12"]
[EventType "tourn (corr)"]
[EventRounds "6"]
[EventCountry "GER"]
[SourceTitle "Corr 2022"]
[Source "ChessBase"]
[SourceDate "2021.10.24"]
[SourceVersion "1"]
[SourceVersionDate "2021.10.24"]
[SourceQuality "1"]

1. d4 Nf6 2. c4 e5 3. dxe5 Ne4 4. a3 d6 5. Nf3 Bf5 6. g3 Be7 7. Bg2 Nc6 8. Nd4 Nxd4 9. Qxd4 Nc5 10. exd6 Qxd6 11. Qxd6 Bxd6 12. Nd2 a5 13. b3 0-0 14. 0-0 Rfe8 15. Bf3 Be5 16. Ra2 Bc3 17. g4 Bg6 18. a4 Bb4 19. h4 h6 20. h5 Bh7 21. Rb2 f5 22. Nb1 fxg4 23. Bxg4 Rad8 24. Be3 Ne4 25. Kg2 Nf6 26. Bf3 Be4 27. Bxe4 Rxe4 28. Rh1 Re5 29. Rh4 Nxh5 30. Rc2 Nf6 31. Nc3 c6 32. Bd4 Re6 33. e3 Kh7 34. Rf4 Nd7 35. Ne4 Ne5 36. Bxe5 Rxe5 37. Ng3 Rd3 38. Rf7 Re7 39. Rxe7 Bxe7 40. Rb2 Kg6 41. Kf3 h5 42. Ke2 Rd8 43. f4 h4 44. Ne4 Kf5 45. Kf3 Rd1 46. c5 g6 47. Rf2 Rd3 48. Rb2 g5 49. fxg5 Bxg5 50. Nxg5 Kxg5 51. b4 axb4 1/2-1/2